Estudios costistas / (Record no. 183507)

MARC details
000 -LEADER
campo de control de longitud fija 01648nam a2200349 i 4500
001 - NÚMERO DE CONTROL
campo de control 183507
003 - IDENTIFICADOR DE NÚMERO DE CONTROL
campo de control ES-MaACL
005 - FECHA Y HORA DE LA ÚLTIMA TRANSACCIÓN
campo de control 20250704062549.0
008 - DATOS DE LONGITUD FIJA--INFORMACIÓN GENERAL
campo de control de longitud fija 140708s2014 sp |||| |bspa d
020 ## - NÚMERO INTERNACIONAL ESTÁNDAR DEL LIBRO
Número Internacional Estándar del Libro 978-84-9911-272-5
080 ## - NÚMERO DE LA CLASIFICACIÓN DECIMAL UNIVERSAL
Número de la Clasificación Decimal Universal 94(460)"18/19":929 Costa, Joaquín
100 0# - ENTRADA PRINCIPAL--NOMBRE DE PERSONA
Nombre de persona Gil Novales, Alberto,
Fechas asociadas al nombre 1930-2016
9 (RLIN) 56851
245 10 - MENCIÓN DEL TÍTULO
Título Estudios costistas /
Mención de responsabilidad, etc. Alberto Gil Novales.
260 ## - PUBLICACIÓN, DISTRIBUCIÓN, ETC.
Lugar de publicación, distribución, etc. Zaragoza :
Nombre del editor, distribuidor, etc. Institución "Fernando el Católico",
Fecha de publicación, distribución, etc. 2014.
300 ## - DESCRIPCIÓN FÍSICA
Extensión 341 p. ;
Dimensiones 24 cm.
490 1# - MENCIÓN DE SERIE
Mención de serie Estudios. Historia
490 1# - MENCIÓN DE SERIE
Mención de serie Publicación de la Institución "Fernando el Católico" ;
Designación de volumen o secuencia 3294
500 ## - NOTA GENERAL
Nota general Índice onomástico.
504 ## - NOTA DE BIBLIOGRAFÍA, ETC.
Nota de bibliografía, etc. Bibliografía: p. 279-313.
505 8# - NOTA DE CONTENIDO CON FORMATO
Nota de contenido con formato Contiene: Joaquín Costa en el Ateneo de Madrid y el Ateneo en tiempos de Costa : [conferencia inaugural de las Jornadas de Conmemoración del Centenario de la muerte de Joaquín Costa, pronunciada en el Ateneo de Madrid el 5 de septiembre de 2011], p. 253-277
600 14 - PUNTO DE ACCESO ADICIONAL DE MATERIA--NOMBRE DE PERSONA
Nombre de persona Costa, Joaquín,
Fechas asociadas al nombre 1846-1911
9 (RLIN) 41054
610 24 - PUNTO DE ACCESO ADICIONAL DE MATERIA--NOMBRE DE ENTIDAD CORPORATIVA
Nombre de entidad corporativa o nombre de jurisdicción como elemento de entrada Ateneo de Madrid-
Subdivisión de forma Historia
9 (RLIN) 1925
610 24 - PUNTO DE ACCESO ADICIONAL DE MATERIA--NOMBRE DE ENTIDAD CORPORATIVA
Nombre de entidad corporativa o nombre de jurisdicción como elemento de entrada Ateneo de Madrid-
Subdivisión de forma Conferencias-
Subdivisión cronológica 2000-
9 (RLIN) 168597
710 2# - ENTRADA AGREGADA--NOMBRE DE ENTIDAD CORPORATIVA
Nombre de entidad corporativa o nombre de jurisdicción como elemento de entrada Institución "Fernando el Católico"
9 (RLIN) 4721
740 02 - ENTRADA AGREGADA--TÍTULO RELACIONADO/ANALÍTICO NO CONTROLADO
Título relacionado o analítico no controlado Joaquín Costa en el Ateneo de Madrid y el Ateneo en tiempos de Costa.
830 1# - PUNTO DE ACCESO ADICIONAL DE SERIE-TÍTULO UNIFORME
Título uniforme Estudios. Historia
9 (RLIN) 224537
830 10 - PUNTO DE ACCESO ADICIONAL DE SERIE-TÍTULO UNIFORME
Título uniforme Publicación ... de la Institución Fernando el Católico
Designación de volumen o secuencia 3294
9 (RLIN) 233871
852 ## - LOCALIZACIÓN
Ubicación ES-MaACL
Número de control de estantería A-13115
itemnumber 190448
Sublocalización o colección R.150143
Ubicación en estantería Depósito 1
Signatura antigua Olim: N-6115
Donativo/Legado Donación: Alberto Gil Novales
903 ## - NOMBRE PERSONAL DE DONANTE
a Gil Novales, Alberto,
d 1930-2016
e Donante
9 56851
942 ## - ELEMENTOS DE ENTRADA SECUNDARIOS (KOHA)
Fuente del sistema de clasificación o colocación Clasificación decimal universal
Tipo de ítem Koha Libro impreso
Holdings
Estatus retirado Estado de pérdida Fuente del sistema de clasificación o colocación Estado de daño No para préstamo Colección Biblioteca de origen Biblioteca actual Ubicación en estantería Fecha de adquisición Fuente de adquisición Total de préstamos Signatura topográfica completa Código de barras Visto por última vez Precio de reemplazo Tipo de ítem Koha
    Clasificación decimal universal     Fondo Ateneo de Madrid Biblioteca del Ateneo de Madrid Biblioteca del Ateneo de Madrid Depósito 1 08/07/2014 Donación   A-13115 1192883 23/02/2023 23/02/2023 Libro impreso